লোডিং...

Principles & Practices of Banking: For JAIIB/Diploma in Banking & Finance Examination/

গ্রন্থ-পঞ্জীর বিবরন
প্রধান লেখক: Indian Institute of Banking & Finance
বিন্যাস: Printed Book
ভাষা:English
প্রকাশিত: NewDelhi Macmillan 2017
সংস্করন:3
LEADER 00568 a2200157 4500
008 190504b xxu||||| |||| 00| 0 eng d
999 |c 190068  |d 190068 
020 |a 9350597292 
084 |2 cc  |a zobT:5(X62),5 
100 |a Indian Institute of Banking & Finance/ 
245 |a Principles & Practices of Banking: For JAIIB/Diploma in Banking & Finance Examination/ 
250 |a 3 
260 |b Macmillan  |c 2017  |a NewDelhi 
300 |b 674p. 
942 |c REF 
952 |0 0  |1 0  |4 0  |6 ZOBT_5X625_Q5  |7 0  |8 R  |9 330722  |a LIB  |b LIB  |d 2019-02-18  |e 4  |g 509.15  |o zobT:5(X62),5 Q5  |p 310844  |r 2019-02-18  |v 599.00  |y REF